mysqli: Table './ulib62015/stat_globaluid' is marked as crashed and should be repaired
select id from stat_globaluid where statuid='20260517143321_1349'
mysqli: Table './ulib62015/stat_globaluid' is marked as crashed and should be repaired
DELETE FROM stat_globaluid
WHERE id NOT IN (
SELECT id
FROM (
SELECT id
FROM stat_globaluid
ORDER BY id DESC
LIMIT 100
) foo
);
mysqli: Table './ulib62015/stat_globaluid' is marked as crashed and should be repaired
insert into stat_globaluid set
statuid='20260517143321_1349',
dt='1779003201',
phpself='/ULIB62015/dublinfull.php',
agent='Mozilla/5.0 AppleWebKit/537.36 (KHTML, like Gecko; compatible; ClaudeBot/1.0; +claudebot@anthropic.com)',
yea='2026',
mon='5',
dat='17',
ip='216.73.216.45'
mysqli: Table './ulib62015/stathist_viewbib_bib_type' is marked as crashed and should be repaired
insert into stathist_viewbib_bib_type set
dat='17' ,
mon='05' ,
yea='2026' ,
statuid='20260517143321_1349' ,
head='13399107795' ,
foot='marc' ,
dt='1779003201'
| LEADER : 00000nam 2200000uu 4500 |
| 008 101216s||||||||th 000 0 tha d |
| 020 0-534-06834-0
|
| 041 0 ENG
|
| 050 14 HM51^bS795 1987
|
| 100 1 Stark, Rodney
|
| 245 10 Sociology /^cRodney Stark
|
| 250 2nd ed.
|
| 260 Belmont, Calif. :^bWadsworth Pub.,^cc1987
|
| 300 xxi, 619 p. :^bill. ;^c26 cm.
|
| 504 Bibliography: p. 583-598
|
| 504 Includes indexes
|
| 650 0 SOCIOLOGY
|
| 945 ^p0^l0^i014205
|
| 945 ^p0^l0^i014206
|
| 945 ^p0^l0^i014233 |
| 999 ^aบรรณารักษ์
|
| คุณยังไม่ได้ล็อกอิน คุณสามารถมีกิจกรรมร่วมกับเว็บไซต์ได้ แต่ต้องล็อกอินก่อน :: |
|
|
|
รายการใกล้เคียง
หัวเรื่อง [SOCIOLOGY]
|
|
ยังไม่เคยถูกคอมเมนท์
|
| คอมเมนท์ทรัพยากรรายการนี้ |
|